Ifigenia (Diario de una señorita que escribió porque se fastidiaba)
Bewaard in:
| Hoofdauteur: | |
|---|---|
| Formaat: | Boek |
| Taal: | Spanish |
| Gepubliceerd in: |
Caracas, Venezuela
Las Novedades
1924
|
| Editie: | 4 |
| Onderwerpen: | |
| Tags: |
Voeg label toe
Geen labels, Wees de eerste die dit record labelt!
|
MARC
| LEADER | 00000nam a2200000Ia 4500 | ||
|---|---|---|---|
| 008 | 170316s9999 xx 000 0 spa d | ||
| 040 | |a cru BVZT | ||
| 090 | |a 860 P-7i | ||
| 100 | |a Parra, Teresa de la | ||
| 245 | |a Ifigenia (Diario de una señorita que escribió porque se fastidiaba) | ||
| 250 | |a 4 | ||
| 260 | |a Caracas, Venezuela | ||
| 260 | |b Las Novedades | ||
| 260 | |c 1924 | ||
| 300 | |a 446 páginas | ||
| 650 | |a LITERATURA LATINOAMERICANA |9 15 | ||
| 650 | |a NOVELA |9 13 | ||
| 999 | |c 9110 |d 9110 | ||
| 942 | |c LIB |h 860 P-7i |2 z | ||
